00613nam a22002172a 450000100060000000300080000600500170001400800410003103500190007204000370009104100080012808200210013610000200015724500610017726000300023830000360026849000270030450400200033165000170035183000270036816057BD-RjUL20211208235938.0140211t1968 nyua b 001 0 eng d a(BD-RjUL)16112 aDLCcDLCdOCLdEQOdBD-RjULbeng aeng00a658.87bGIR 19681 aGist, Ronald R.10aRetailing :bconcepts and decisions /cby Ronald R. Gist aNew York :bWiley,cc1968 axiv, 534 p. :billus. ;c23 cm.1 aWiley marketing series aIncludes index. 0aRetail trade 0aWiley marketing series